000 00735nam a2200289Ia 4500
005 20260324120637.0
008 008 260324s9999 xx 000 0 eng d
020 _a9781003074465
037 _aEBOOK
040 _aCRL
040 _beng
040 _cCRL
041 _2eng
041 _aeng
084 _qCRL
100 _aBarbara Wootton
_91159397
245 0 _aTestament for Social Science (RLE Social Theory)
245 3 _bAn Essay in the Application of Scientific Method to Human Problems
260 _bTaylor and Francis
260 _c2015
365 _a
365 _b130
856 _uhttp://www.taylorfrancis.com/books/9781003074465
942 _cEBOOK
999 _c1751034
_d1751034